Gaming Quiz

Random Gaming or Video Games Quiz

Video Game Systems by Release Year Quiz Stats

Quiz Updated Apr 6, 2015

Challenge
Share
Tweet
Embed
Score 0/22 Timer 06:00
0 Plays Today
% Correct
PlayStation 4
56.2%
Xbox One
56%
Atari 2600
51.8%
Nintendo Entertainment System
49.3%
PlayStation 3
48.9%
PlayStation 2
45.7%
PlayStation
43.9%
Wii
43.5%
Wii U
41.6%
Nintendo 64
41%
Super Nintendo
39.4%
% Correct
Xbox
36.9%
Sega Genesis
36.8%
Xbox 360
33.9%
Colecovision
32%
Magnavox Odyssey
31%
Dreamcast
30.3%
Sega Saturn
28.3%
Intellivision
27.1%
Atari Jaguar
20.5%
TurboGrafx 16
20.5%
NeoGeo
15.3%

You're not logged in!

Compare scores with friends on all Sporcle quizzes.
Sign Up with Email
OR
Log In

You Might Also Like...

Show Comments

Extras

Top Quizzes Today


Score Distribution

Your Account Isn't Verified!

In order to create a playlist on Sporcle, you need to verify the email address you used during registration. Go to your Sporcle Settings to finish the process.